A PRACTICAL BOOK OF PHARMACEUTICAL ANALYSIS (SEM-I) (Record no. 5949)

MARC details
000 -LEADER
fixed length control field 00454nam a22001697a 4500
005 - DATE AND TIME OF LATEST TRANSACTION
control field 20230118110504.0
008 - FIXED-LENGTH DATA ELEMENTS--GENERAL INFORMATION
fixed length control field 190604b xxu||||| |||| 00| 0 eng d
020 ## - INTERNATIONAL STANDARD BOOK NUMBER
ISBN 978-93-87-686-59-5
041 ## - LANGUAGE CODE
Language code of text/sound track or separate title eng
100 ## - MAIN ENTRY--AUTHOR NAME
Personal name PARTI, MRS. PRITI NISHAD
245 ## - TITLE STATEMENT
Title A PRACTICAL BOOK OF PHARMACEUTICAL ANALYSIS (SEM-I)
250 ## - EDITION STATEMENT
Edition statement 1st ed. 2018
260 ## - PUBLICATION, DISTRIBUTION, ETC. (IMPRINT)
Place of publication PUNE
Name of publisher NIRALI PRAKASHAN
300 ## - PHYSICAL DESCRIPTION
Number of Pages 78p,
650 ## - SUBJECT ADDED ENTRY--TOPICAL TERM
Topical Term PHARMACY
General subdivision D.PHARMA
942 ## - ADDED ENTRY ELEMENTS (KOHA)
Koha item type Books
Holdings
Lost status Damaged status Collection code Home library Current library Shelving location Date acquired Source of acquisition Cost, normal purchase price Accession Number Koha item type Full call number
    PHARMACY JRU Library JRU Library Shelf - 27- I 04/06/2019 PURCHESS 70.00 23004 Books  
    PHARMACY JRU Library JRU Library Shelf - 27- C 04/06/2019 PURCHESS 70.00 23005 Books 615.19
    Reference JRU Library JRU Library SHELF-4-D 04/06/2019 PURCHESS 70.00 23006 Books